00216nam a2200073Ia 4500082001500000245003500015100005100050008004100101 aLP AF HEIN 0aEwig soos die sandsteenkranse  a HEINE, Mike Pretoria, 1990 Grootdrukuitg 210817s9999 xx 000 0 und d